00624nam a2200157 a 450000100100000000500170001000800410002704000250006808200170009324500840011026000640019430000300025850000430028850001070033170000280043800002336920200930022153.0101203s1993 pr c r 000 0 spa d aDO-SdBNPbspacBNPHU axxxxxbG887t00aRicardo Grullón :bTestimonio de recordación /cedición Raquel Sárraga. aSan Juan, Puerto Rico :bUniversidad de Puerto Rico,c1993. a63 p. :bretrs. ;c15 cm. aIncluye notas al pie de las páginas. aHomenaje póstumo a Ricardo Grullón 10 de abril de 1991 en la sala Zenobia y Juan Ramón Jiménez1 aSárraga, Raquel,eed.